00530nam a2200133Ia 4500020001800000082001800018245005600036260002800092440003600120500017900156504001900335650002300354700001900377 a9780415471916 aRR 128.2 PHI- 0aPhilosophy of mind: critical concepts in philosophy aLondonbRoutledgec2011 aCritical concepts in philosophy acontents: 4 vols. Vol.1 (Foundations), (xxvii, 326p.) - v.2 (The mind-body problem), (viii, 361p.) - v.3 (Intentionality), (viii, 332p.) - v.4 (Consciousness), (viii, 401p.) aincludes index aPhilosophy of mind aCrawford, Sean